Poezii si poeme-Poésies et poemes

Salvato in:
Dettagli Bibliografici
Autore principale: Bogza, Geo
Natura: Libro
Lingua:Undetermined
Pubblicazione: Bucarest, Rumania Minerva 1979
Soggetti:
Tags: Aggiungi Tag
Nessun Tag, puoi essere il primo ad aggiungerne!!

MARC

LEADER 00000nam a2200000Ia 4500
008 170316s9999 xx 000 0 und d
040 |a cru BVZT 
090 |a 859 B-4p 
100 |a Bogza, Geo 
245 |a Poezii si poeme-Poésies et poemes 
260 |a Bucarest, Rumania 
260 |b Minerva 
260 |c 1979 
300 |a 437 páginas 
650 |a LITERATURA RUMANA 
999 |c 8239  |d 8239 
942 |c 15 D  |h 859 B-4p  |2 z